000 00650nam a2200133 a 4500
008 160914s2015 ||||||||||||||||| || u
050 _aCBU-PG THESIS/LOM
100 _aLombe, Annette Bertilla Mwimba
245 1 0 _aImpact of using animation to teach DNA extration to undergraduate students using an uncharacterized environmental sample from an actively minded area
_cby Annette Bertilla Mwimba Lombe
260 _aKitwe
_bCopperbelt University
_c2015
300 _axiv, 135p.: ill.
500 _aBibliography
995 _FCBU-MAIN LIBRARY (Kitwe)
_M1
_UAVAILABLE
_WSep 14, 2016
_ZUniversity Collection
999 _c46394
_d46394